LEADER 00774nam0-22002891i-450- 001 990001317180403321 010 $a2-7116-1048-9 035 $a000131718 035 $aFED01000131718 035 $a(Aleph)000131718FED01 035 $a000131718 100 $a20000920d1991----km-y0itay50------ba 101 0 $aeng 200 1 $a<>logique interne$fpar Yvon Gauthier. 210 $aParis$cLibrairie Philosophique J. Vrin$d1991 215 $a140 p., 22 cm 610 0 $aLogica matematica$aFondamenti 676 $a511.3 700 1$aGauthier,$bYvon$059659 801 0$aIT$bUNINA$gRICA$2UNIMARC 901 $aBK 912 $a990001317180403321 952 $a120-H-34$b10134$fMA1 959 $aMA1 996 $aLogique interne$9382614 997 $aUNINA DB $aING01 LEADER 01245nam a2200313 i 4500 001 991000858519707536 005 20020509180502.0 008 000220s1971 it 000 0 ita d 035 $ab11420601-39ule_inst 035 $aPARLA216657$9ExL 040 $aDip.to Filosofia$bita 082 0 $a301 082 0 $a301.092 100 1 $aDe Feo, Nicola Massimo$0159660 245 10$aWeber e Lukacs /$cNicola M. De Feo 260 $aBari :$bDe Donato,$c1971 300 $a183 p. ;$c21 cm 490 0 $aIdeologia e società 650 4$aLukacs, Gyorgy 650 4$aWeber, Max 907 $a.b11420601$b01-03-17$c01-07-02 912 $a991000858519707536 945 $aLE005IF XVI E 5$g2$i2005000090271$lle005$o-$pE0.00$q-$rl$s- $t0$u0$v0$w0$x0$y.i11610840$z01-07-02 945 $aLE005IF XXXIV A 35$g1$i2005000117404$lle005$o-$pE0.00$q-$rl$s- $t0$u1$v0$w1$x0$y.i11610852$z01-07-02 945 $aLE002 Fil. XIV M 14$g1$i2002000544971$lle002$o-$pE0.00$q-$rl$s- $t0$u0$v0$w0$x0$y.i10820127$z28-06-02 945 $aLE022 MP 74 H 6$g1$i2022000076708$lle022$o-$pE0.00$q-$rl$s- $t0$u0$v0$w0$x0$y.i13518239$z03-05-04 996 $aWeber e Lukacs$9508232 997 $aUNISALENTO 998 $ale005$ale002$ale022$b01-01-00$cm$da $e-$fita$git $h0$i2